Obálka Náhled e-knihy:
PDF Epub
Pro půjčování e-knih musíte být přihlášeni.
Jak si půjčit online?

Acheron /

Paradoxní feministická utopie blízké budoucnosti  Píše se rok 2118. V srdci svobodné Evropy, přetvořené v ekologickou a feministickou pevnost, se odehrává příběh ženy, která ztrácí — a znovu nachází — svět i sebe samu. V krajině, kde lid...

Celý popis

Uloženo v:
Hlavní autor: Reichelová, Tereza D. (Autor)
Médium: E-kniha
Jazyk:Czech
Vydáno: Praha : HOST - vydavatelství, s.r.o., 2026
Tagy:
Žádné tagy
LEADER 02883nam a22002297i 4500
001 313626
007 ta
008 260604s2026 xr ||||| |||| 00| 0 cze d
020 |a 9788027529261 
044 |a xr 
100 1 |a  Reichelová, Tereza D.  |4 aut 
245 1 0 |a Acheron /  |c  Reichelová, Tereza D. 
264 1 |a Praha :  |b HOST - vydavatelství, s.r.o.,  |c 2026 
300 |a 1 online zdroj (344 stran) 
336 |a text  |b txt  |2 rdacontent 
337 |a bez média  |b n  |2 rdamedia 
338 |a online zdroj  |b cr  |2 rdacarrier 
520 2 |a Paradoxní feministická utopie blízké budoucnosti  Píše se rok 2118. V srdci svobodné Evropy, přetvořené v ekologickou a feministickou pevnost, se odehrává příběh ženy, která ztrácí — a znovu nachází — svět i sebe samu. V krajině, kde lidé místo států pěstují komunity a místo monumentů sázejí stromy, se osobní ztráta prolíná s dějinami celého kontinentu.  Acheron je vizionářský román o koncích a nových začátcích, o křehkosti světa i síle společenství. Autorka s poetikou Ursuly K. Le Guinové a pronikavostí Aldouse Huxleyho skládá obraz Evropy po zhroucení starého řádu — světa, jenž se zrodil z bolesti, ale stále touží po něze, svobodě a smyslu.    ––– Autorce se podařilo nejen ukázat současnou nespokojenost mladé generace i její často revoluční tendence k řešení problémů, ale současně vidět i to, kde se zvrhává v ideologický kýč a morální narcismus. Vedle toho pak vytvořit i utopický (ale současně literárně věrohodný) svět budoucnosti.— redakce Hosta    Myslím, že v zásadě není problém představit si konec kapitalismu a společnost v roce 2118, která je feministická, kompostovatelná, solidární, anarchistická, vědecká, zdravá, svobodná, více-než-lidská, demokratická, fraktální — jen je to v mých představách hermeticky uzavřená pevnost Evropa. A já se proti tomu bohužel umím jen vztekat, stejně jako globáčovské anarchistky v roce 2018. I když, jedině… co když jde pohnout peklem? Acheron je příběh o dvou ženách a drásavých dilematech, ze kterých se neustále klubou logické paradoxy.— Tereza D. Reichelová, autorka  
910 |a RBIT002 
998 |d 427602  |a https://core.palmknihy.cz/api/books/427602/cover?tg202a  |b https://core.palmknihy.cz/api/books/427602/cover/400?tg202a  |c https://core.palmknihy.cz/api/books/427602/cover/50?tg202a  |e 2033-12-31  |g 344  |i 9788027529261  |j https://core.palmknihy.cz/api/books/427602/preview.epub  |k https://core.palmknihy.cz/api/books/427602/preview.pdf  |l   |q 49  |r 1  |s https://www.palmknihy.cz/kniha/427602  |t ebook  |y 2026  |z 1 
999 |d 313624